00665nam a2200241 a 4500001001300000003000900013005001700022008004100039020001000080082001600090100001600106245003100122260002500153300000800178500003500186505001000221650001700231700001600248902000800264942000700272952012900279999001500408nice12345678IN_TiNIC20260116012316.0050524s1985 dela grp 000 0 eng  ac10000a275.4bTHO1 aThomas, M M aChurch and Human Community aDelhi bISPCK c1985 a52p aincludes index and biblioraphy2 aIndex aChurch-India1 aThomas, M M bSRS cBK 001040708StackRoom-aHMIbHMId2007-07-19g100.00l1o275.4 THO1p012260r2019-09-25s2019-09-06v100.00w2005-05-24yBK c6490d6490